Controlled atmosphere storage of fruits and vegetables

Saved in:
Bibliografiske detaljer
Hovedforfatter: Thompson, A. Keith (Author)
Format: Bog
Sprog:engelsk
Udgivet: Oxford CABI 2010
Udgivelse:2a. ed
Fag:
Tags: Tilføj Tag
Ingen Tags, Vær først til at tagge denne postø!

MARC

LEADER 00000cam a2200000 a 4500
001 UCF7122
003 CL-VaPUC
008 130606e20100000UK |||||||||||||||||eng|d
020 |a 9781845936464 
082 0 4 |a 635.0468  |b THO  |2 21 
100 0 |a Thompson, A. Keith  |e author  |9 569103 
245 1 0 |a Controlled atmosphere storage of fruits and vegetables 
250 |a 2a. ed 
300 |a 272 p 
942 |c BK 
945 |d 20130606 00:00:00  |a dcastane 
260 |a Oxford  |b CABI  |c 2010 
650 0 |a Fruticultura  |9 259678 
650 0 |a Horticultura  |9 259721 
650 0 |a Industria agrícola   |9 264819 
650 0 |a Almacenamiento  |9 341876 
650 0 |a Frutas  |9 259500 
650 0 |a Hortalizas  |9 259501 
650 0 |a Atmósfera controlada  |9 495609 
583 |a last modification  |c 20191018 02:32:59  |k Rodrigo Vera 
999 |c 352041  |d 352039 
952 |0 0  |1 0  |4 0  |6 635_046800000000000_THO_2010  |7 0  |8 A  |9 456544  |a BIBAGR  |b BIBAGR  |d 2019-11-22  |i 4977785  |o 635.0468 THO 2010  |p 4977785  |r 2025-01-20  |w 2019-11-22  |y BK  |k AGR 
952 |0 0  |1 0  |4 0  |6 635_046800000000000_THO_2010  |7 0  |8 A  |9 456545  |a BIBAGR  |b BIBAGR  |d 2019-11-22  |i 4977793  |o 635.0468 THO 2010  |p 4977793  |r 2025-01-20  |w 2019-11-22  |y BK  |k AGR 
952 |0 0  |1 0  |4 0  |6 635_046800000000000_THO_2010  |7 0  |8 A  |9 456546  |a BIBAGR  |b BIBAGR  |d 2019-11-22  |i 4980093  |o 635.0468 THO 2010  |p 4980093  |r 2025-01-20  |w 2019-11-22  |y BK  |k AGR